| 000 | 00689nam a2200229 i 4500 | ||
|---|---|---|---|
| 001 | 14503 | ||
| 003 | ES-MaACL | ||
| 005 | 20230906150828.0 | ||
| 007 | t| | ||
| 008 | 981026s1998 sp ||||0| spa j | ||
| 020 | _a84-8017-094-8 | ||
| 040 |
_aM-BN _bspa _cM-BN |
||
| 080 | _a821.134.2-14"19" | ||
| 100 | 1 |
_aDicenta Díaz, Ana María. _944479 |
|
| 245 | 1 | 4 |
_aLos espejos del tiempo / _cAna María Dicenta Díaz. |
| 260 |
_aMadrid : _bBetania, _c[1998] |
||
| 300 |
_a62 p. ; _c21 cm. |
||
| 490 | 1 | _aColección Betania de poesía | |
| 830 | 0 |
_aColección Betania de poesía _9179829 |
|
| 852 |
_aES-MaACL _jL-21738 _bR.127132 _q. - Ded. autógr. del autor |
||
| 999 |
_c14503 _d14503 |
||